000 01183nam a2200241Ia 4500
999 _c41612
_d41612
001 8281
003 GE_BSU
005 20240426165840.0
008 181216s||||||||xx |||||||||||||| ||und||
020 _a9789941130878
040 _cGE_BSU
041 _ageo
080 _a821.111-2
100 _aშექსპირი, უილიამ
_921961
245 _aტრაგედიები :
_b[ჰამლეტ ; რიჩრდ მესამე ; ოტელო ; იულიოს კეისარი ; მაკბეტ ; მეფე ლირი /
_cუილიამ შექსპირი ; [თარგმანი ივანე მაჩაბლის ; რედ. დალი გერმანიშვილი].
264 _aთბილისი :
_bუნივერსიტეტის გამ–ბა,
_c2009.
300 _a975 გვ. ;
_c21სმ.
541 _h10ლ.
653 _aტრაგედიები
700 _aმაჩაბელი, ივანე
_eმთარგმნელი
_921962
700 _aგერმანიშვილი, დალი
_eრედაქტორი
_921963
942 _cBK
_2udc